00463nam a2200181 a 45000010005000000030009000050080041000140400028000550820017000831000030001002450030001302600038001603000015001984900015002136500026002286500011002546500016002656542CO-ViMGA141112s2004 ck r 000 u spa d aCO-ViMGAbspacCO-ViMGA04a739.225 A5871 aAmus de Hubscher, Adriana10aPátinas y policromías aBuenos Aires : bAlbatros, c1995 a126 p : il aCreaciones14aDECORACION DE OBJETOS14aPATINA14aPOLICROMIAS